[Event "ICS rated blitz match"]
[Site "204.178.125.65"]
[Date "1999.09.20"]
[Round "?"]
[White "PUBCHESS"]
[Black "Hossa"]
[Result "0-1"]
[WhiteElo "2331"]
[BlackElo "2372"]
[PlyCount "96"]
[EventDate "1999.??.??"]

1. d4 Nf6 2. c4 g6 3. Nc3 d5 4. Nf3 dxc4 5. e4 c5 6. d5 Bg7 7. Bxc4 O-O 8. O-O
Bg4 9. h3 Bh5 10. g4 Nxg4 11. hxg4 Bxg4 12. Be2 f5 13. Nh2 Bh3 14. Re1 fxe4 15.
Bg4 Bxg4 16. Qxg4 Rf5 17. Qxe4 Re5 18. Qxe5 Bxe5 19. Rxe5 Nd7 20. Re6 Nf8 21.
Re4 Qd7 22. Bg5 e6 23. dxe6 Nxe6 24. Bh6 Qf7 25. Rae1 Nc7 26. Re7 Re8 27. Rxe8+
Nxe8 28. Be3 b6 29. Ng4 Qf3 30. Ne5 Qf6 31. f4 Qh4 32. Kg2 Qxe1 33. Bf2 Qd2 34.
Kf3 Qxb2 35. Ne4 Qxa2 36. Ng4 Qd5 37. Ke3 Qd4+ 38. Kf3 Qd1+ 39. Kg3 Qd3+ 40.
Ne3 Qxe4 41. Kg4 Nf6+ 42. Kg3 Qh1 43. Ng2 Nh5+ 44. Kf3 Qh3+ 45. Ke4 Nf6+ 46.
Ke5 Qf5+ 47. Kd6 Qd7+ 48. Ke5 48... Qe7# {PUBCHESS checkmated} 0-1

[Event "ICS rated blitz match"]
[Site "204.178.125.65"]
[Date "1999.09.23"]
[Round "?"]
[White "PUBCHESS"]
[Black "Hossa"]
[Result "1/2-1/2"]
[WhiteElo "2189"]
[BlackElo "2442"]
[PlyCount "54"]
[EventDate "1999.??.??"]

1. d4 f5 2. g3 Nf6 3. Bg2 g6 4. Nf3 Bg7 5. b3 d6 6. Bb2 Nc6 7. d5 Nb4 8. c4 e5
9. dxe6 Bxe6 10. O-O Nc6 11. Nd4 Nxd4 12. Qxd4 Qc8 13. Nc3 O-O 14. Nd5 Bxd5 15.
Bxd5+ Kh8 16. Qd2 f4 17. gxf4 Qg4+ 18. Bg2 Rae8 19. e3 b6 20. Kh1 Qh4 21. f3 a6
22. Rae1 Bh6 23. a4 Qh5 24. Qf2 Qc5 25. Qd2 Qh5 26. Qd4 Bg7 27. Qd2 27... Bh6 {
Game drawn by repetition} 1/2-1/2

[Event "ICS rated blitz match"]
[Site "204.178.125.65"]
[Date "1999.09.20"]
[Round "?"]
[White "PUBCHESS"]
[Black "Hossa"]
[Result "1-0"]
[WhiteElo "2363"]
[BlackElo "2439"]
[PlyCount "131"]
[EventDate "1999.??.??"]

1. d4 c5 2. d5 e6 3. Nc3 Qa5 4. Bd2 b5 5. a3 Nf6 6. e4 d6 7. Bxb5+ Bd7 8. Bxd7+
Nbxd7 9. dxe6 fxe6 10. Nf3 O-O-O 11. O-O Qb6 12. Qe2 d5 13. e5 Ng8 14. b4 h6
15. Na4 Qc6 16. Nxc5 Nxc5 17. bxc5 Bxc5 18. Bb4 Bb6 19. Rfc1 Qc4 20. Qxc4+ dxc4
21. Rd1 a5 22. Rxd8+ Bxd8 23. Bd6 Be7 24. Rd1 g5 25. Bxe7 Nxe7 26. Rd6 Rd8 27.
Nd4 Rxd6 28. exd6 Nf5 29. Nxe6 Kd7 30. Nc5+ Kxd6 31. Nb7+ Kc7 32. Nxa5 Nd6 33.
Kf1 Kb6 34. Nb3 cxb3 35. cxb3 Ka5 36. Ke2 Nb5 37. Kf3 Nxa3 38. Kg4 Kb4 39. Kh5
Nc2 40. Kxh6 g4 41. Kg5 Ne1 42. Kxg4 Nxg2 43. h4 Ne1 44. h5 Nd3 45. f4 Nc5 46.
h6 Nd7 47. Kf5 Nf8 48. Kf6 Nd7+ 49. Kg7 Nc5 50. h7 Nxb3 51. h8=Q Nd4 52. Qb8+
Kc4 53. Qc7+ Kd3 54. Kg6 Nf3 55. f5 Ke2 56. f6 Nh4+ 57. Kg5 Nf3+ 58. Kf4 Nh4
59. Qc2+ Kf1 60. Qd1+ Kf2 61. Qd2+ Kf1 62. Kg4 Nf5 63. Kxf5 Kg1 64. Kf4 Kh1 65.
Kg3 Kg1 66. Qg2# {Hossa checkmated} 1-0

[Event "ICS rated blitz match"]
[Site "204.178.125.65"]
[Date "1999.09.20"]
[Round "?"]
[White "PUBCHESS"]
[Black "Hossa"]
[Result "0-1"]
[WhiteElo "2373"]
[BlackElo "2402"]
[PlyCount "128"]
[EventDate "1999.??.??"]

1. d4 c5 2. d5 e6 3. c4 Nf6 4. Nc3 exd5 5. cxd5 Be7 6. Nf3 d6 7. g3 O-O 8. Bg2
Bg4 9. Nd2 Re8 10. h3 Bh5 11. O-O Nfd7 12. Nc4 Nb6 13. Ne3 Bf6 14. a4 N8d7 15.
a5 Nc8 16. Ne4 Ne5 17. Nxf6+ Qxf6 18. g4 Bxg4 19. hxg4 Qh4 20. f3 Ne7 21. Qe1
Qf6 22. Qg3 Rad8 23. Ra4 Nd7 24. Nc4 Nxd5 25. e4 Qd4+ 26. Kh2 N5f6 27. Be3 Qd3
28. Bf4 d5 29. Nd6 Qb3 30. Ra3 Qxb2 31. Raa1 Re7 32. Rab1 Qe2 33. Rfe1 Qa2 34.
e5 Ne8 35. Rxb7 Qxa5 36. Rbb1 Nxd6 37. exd6 Rxe1 38. Rxe1 Nf8 39. Re7 Ng6 40.
Rc7 Qa3 41. Be5 f6 42. Bf4 Qa4 43. g5 Qxf4 44. gxf6 Qxf6 45. d7 Nf8 46. Rc8
Nxd7 47. Rxd8+ Qxd8 48. Qd6 Qb8 49. Qxb8+ Nxb8 50. f4 d4 51. Bd5+ Kh8 52. Bc4
Nd7 53. Kg2 Nb6 54. Bb5 a5 55. Kf3 c4 56. Ke2 d3+ 57. Kd2 a4 58. Kc3 a3 59. f5
a2 60. Kb2 d2 61. Kxa2 d1=Q 62. Bxc4 Nxc4 63. f6 Qc2+ 64. Ka1 64... Qb2# {
PUBCHESS checkmated} 0-1

[Event "ICS rated blitz match"]
[Site "204.178.125.65"]
[Date "1999.09.20"]
[Round "?"]
[White "PUBCHESS"]
[Black "Hossa"]
[Result "0-1"]
[WhiteElo "2345"]
[BlackElo "2430"]
[PlyCount "77"]
[EventDate "1999.??.??"]

1. d4 c5 2. d5 e6 3. Nc3 Qa5 4. Bd2 b5 5. a3 Nf6 6. e4 d6 7. Nf3 b4 8. axb4
Qxb4 9. Bb5+ Bd7 10. Bxd7+ Nbxd7 11. dxe6 fxe6 12. O-O Nxe4 13. Nxe4 Qxe4 14.
Re1 Qg4 15. h3 Qf5 16. Ng5 e5 17. Ra3 Be7 18. Rf3 Qg6 19. Ne4 d5 20. Nc3 Qe6
21. Nb5 Bd8 22. c4 d4 23. Qe2 a6 24. Qe4 Rb8 25. Na3 Rxb2 26. Bc1 Rb6 27. Rg3
O-O 28. Qe2 Bc7 29. Rf3 Rfb8 30. Qe4 Nf6 31. Qh4 Bd6 32. Rg3 e4 33. Rg5 Kh8 34.
Bf4 Rb3 35. Bxd6 Qxd6 36. Nc2 Rc3 37. Na1 Rxc4 38. Qg3 Qxg3 39. fxg3 {
PUBCHESS resigns} 0-1

[Event "ICS rated blitz match"]
[Site "204.178.125.65"]
[Date "1999.09.23"]
[Round "?"]
[White "PUBCHESS"]
[Black "Hossa"]
[Result "0-1"]
[WhiteElo "2192"]
[BlackElo "2439"]
[PlyCount "86"]
[EventDate "1999.??.??"]

1. d4 f5 2. Nf3 Nf6 3. g3 e6 4. Bg2 Be7 5. O-O d5 6. Bf4 O-O 7. c3 c5 8. Nbd2
Ne4 9. Ne5 g5 10. Nxe4 fxe4 11. Be3 Nc6 12. Nxc6 bxc6 13. dxc5 Rb8 14. Qd2 e5
15. b4 a5 16. a3 Ra8 17. Rfd1 Be6 18. f3 exf3 19. exf3 Bf6 20. Rac1 Qe7 21. Re1
Ra7 22. Bf2 axb4 23. axb4 Ra3 24. Qb2 Qa7 25. Ra1 Rxa1 26. Rxa1 Qd7 27. Ra6 Bg7
28. Qa3 Bh3 29. Ra7 Qf5 30. Bxh3 Qxh3 31. c4 dxc4 32. Qc3 Qe6 33. Kg2 Qd5 34.
Ra2 g4 35. Rd2 Qxf3+ 36. Qxf3 gxf3+ 37. Kf1 Rb8 38. Be1 e4 39. Kf2 c3 40. Rc2
Bd4+ 41. Kf1 Rxb4 42. Bxc3 Rb1+ 43. Be1 43... e3 {PUBCHESS resigns} 0-1

[Event "ICS rated blitz match"]
[Site "204.178.125.65"]
[Date "1999.10.06"]
[Round "?"]
[White "PUBCHESS"]
[Black "Hossa"]
[Result "0-1"]
[WhiteElo "2300"]
[BlackElo "2560"]
[PlyCount "54"]
[EventDate "1999.??.??"]

1. d4 d5 2. c4 dxc4 3. Nf3 Nf6 4. e3 e6 5. Bxc4 c5 6. O-O a6 7. a4 Nbd7 8. Qe2
Bd6 9. Nc3 O-O 10. Rd1 cxd4 11. exd4 Nb6 12. Bb3 Nbd5 13. Ne4 Nxe4 14. Qxe4 Nf6
15. Qh4 b5 16. axb5 Rb8 17. Bc2 Rxb5 18. Ne5 a5 19. Bd3 Rd5 20. Bc4 Bxe5 21.
Bxd5 Qxd5 22. Bg5 Rd8 23. h3 Bb7 24. f3 Bxd4+ 25. Kh1 Qe5 26. Bxf6 Qxf6 27.
Rxa5 27... Qxh4 {PUBCHESS resigns} 0-1

[Event "ICS rated blitz match"]
[Site "204.178.125.65"]
[Date "1999.09.20"]
[Round "?"]
[White "PUBCHESS"]
[Black "Hossa"]
[Result "0-1"]
[WhiteElo "2368"]
[BlackElo "2434"]
[PlyCount "84"]
[EventDate "1999.??.??"]

1. d4 Nf6 2. c4 c5 3. d5 b5 4. cxb5 a6 5. b6 Qxb6 6. Nc3 Qb4 7. Nf3 d6 8. a3
Qg4 9. h3 Qg6 10. e3 e5 11. g4 Nbd7 12. Qe2 e4 13. Nd2 Ne5 14. Qd1 Nd3+ 15.
Bxd3 exd3 16. Qf3 Nd7 17. Qf5 Be7 18. Qxg6 fxg6 19. O-O O-O 20. f4 Bb7 21. Nc4
a5 22. Rd1 Ba6 23. Nxa5 Rae8 24. b4 Bf6 25. Bb2 Rxe3 26. b5 Bxc3 27. Bxc3 Bxb5
28. Kf2 Re2+ 29. Kf3 Nb6 30. Rd2 Nxd5 31. Rxe2 Rxf4+ 32. Kg3 dxe2 33. Bd2 Rd4
34. Nb3 Rd3+ 35. Kf2 Rxb3 36. a4 Ba6 37. Be1 Rxh3 38. Ra2 Rb3 39. Rd2 Nf6 40.
Ra2 Nxg4+ 41. Kg2 Bb7+ 42. Kg1 42... Rh3 {PUBCHESS resigns} 0-1

[Event "ICS rated blitz match"]
[Site "204.178.125.65"]
[Date "1999.09.23"]
[Round "?"]
[White "PUBCHESS"]
[Black "Hossa"]
[Result "0-1"]
[WhiteElo "2319"]
[BlackElo "2326"]
[PlyCount "126"]
[EventDate "1999.??.??"]

1. d4 Nf6 2. c4 e6 3. Nf3 b6 4. a3 Be7 5. Nc3 O-O 6. e4 d5 7. e5 Ne4 8. Bd3
Nxc3 9. bxc3 dxc4 10. Bxc4 Ba6 11. Bxa6 Nxa6 12. Qa4 Nb8 13. O-O c5 14. Be3
cxd4 15. cxd4 a6 16. Rfd1 Ra7 17. Qb3 Rd7 18. d5 Rxd5 19. Bxb6 Qd7 20. Rxd5
Qxd5 21. Qxd5 exd5 22. Kf1 Rc8 23. Rd1 Bc5 24. Bxc5 Rxc5 25. Ke2 Nc6 26. Kd3
Kf8 27. Rb1 Rb5 28. Rc1 Rb3+ 29. Kd2 Ne7 30. a4 h6 31. Rc7 Rb2+ 32. Kd3 Rxf2
33. Ra7 Nc6 34. Rxa6 Nb4+ 35. Ke3 Rxf3+ 36. gxf3 Nxa6 37. Kd4 Nc7 38. a5 Ke7
39. a6 Ke6 40. a7 Nb5+ 41. Kc5 Nxa7 42. f4 g5 43. fxg5 hxg5 44. Kd4 Nc6+ 45.
Ke3 Nxe5 46. Kd4 Nf3+ 47. Ke3 d4+ 48. Kf2 Nxh2 49. Kg2 g4 50. Kxh2 g3+ 51. Kxg3
Ke5 52. Kf3 f5 53. Ke2 f4 54. Kf2 Ke4 55. Ke2 d3+ 56. Kd2 f3 57. Ke1 Ke3 58.
Kd1 f2 59. Kc1 f1=Q+ 60. Kb2 Kd4 61. Kb3 Qb1+ 62. Ka4 Kc4 63. Ka5 63... Qb5# {
PUBCHESS checkmated} 0-1

[Event "ICS rated blitz match"]
[Site "204.178.125.65"]
[Date "1999.09.23"]
[Round "?"]
[White "PUBCHESS"]
[Black "Hossa"]
[Result "1-0"]
[WhiteElo "2236"]
[BlackElo "2393"]
[PlyCount "177"]
[EventDate "1999.??.??"]

1. d4 Nf6 2. c4 e6 3. Nf3 b6 4. g3 Ba6 5. Qc2 Bb4+ 6. Nbd2 c6 7. Bg2 O-O 8. O-O
d5 9. b3 c5 10. dxc5 Bxc5 11. Bb2 Nc6 12. Rad1 Rc8 13. e3 Nb4 14. Qb1 Qe7 15.
Rfe1 Ng4 16. a3 Nc6 17. b4 dxc4 18. bxc5 Qxc5 19. Bc3 Qxa3 20. Qa1 Qxa1 21.
Rxa1 Nb8 22. Ne5 Nf6 23. Ne4 Nxe4 24. Bxe4 f5 25. Bg2 Rfd8 26. Red1 Rxd1+ 27.
Rxd1 Re8 28. Rd6 Bb5 29. Kf1 g5 30. f4 g4 31. Ke1 Ba6 32. Kd2 h6 33. Kc2 Bb5
34. Kb2 Kf8 35. Ka3 Ke7 36. Rd1 Rc8 37. Kb2 a5 38. Rd4 Rc7 39. Ng6+ Kf7 40.
Ne5+ Ke7 41. Kc1 Nd7 42. Nxd7 Rxd7 43. Rxd7+ Kxd7 44. Bd4 Bc6 45. Bf1 b5 46.
Bb6 a4 47. Bc5 Be4 48. Kb2 Kc7 49. Kc3 Kb7 50. Bb4 Kc6 51. Kd4 h5 52. Be2 Kb6
53. Bd1 Ka7 54. Ke5 Kb7 55. Kf6 Bg2 56. Kxe6 Be4 57. Ke5 Kb6 58. Kf6 Bd3 59.
Kg5 Be4 60. Kxh5 Bd3 61. Kh4 Be4 62. h3 gxh3 63. Kxh3 Kb7 64. g4 Kc6 65. gxf5
Bxf5+ 66. Kg3 Kc7 67. Kf3 Bd3 68. e4 Kd8 69. e5 Kc7 70. Kg4 Kb6 71. f5 Kc7 72.
e6 Be4 73. Kg5 Kc6 74. Kf6 Kc7 75. e7 Bc6 76. Kf7 Bd5+ 77. Kf8 Bc6 78. f6 a3
79. f7 a2 80. Bc3 a1=B 81. Bxa1 b4 82. e8=Q b3 83. Qe7+ Kb6 84. Bd4+ Ka6 85.
Qa7+ Kb5 86. Qb6+ Ka4 87. Bc5 Bb5 88. Qa7+ Ba6 89. Qxa6# {Hossa checkmated} 1-0

[Event "ICS rated blitz match"]
[Site "204.178.125.65"]
[Date "1999.10.06"]
[Round "?"]
[White "PUBCHESS"]
[Black "Hossa"]
[Result "0-1"]
[WhiteElo "2377"]
[BlackElo "2508"]
[PlyCount "27"]
[EventDate "1999.??.??"]

1. d4 d5 2. c4 e5 3. dxe5 d4 4. e4 Nc6 5. f4 f6 6. exf6 Nxf6 7. Nd2 Bc5 8. a3
O-O 9. Bd3 Bg4 10. Qc2 Nh5 11. g3 Nxf4 12. Ngf3 Ng2+ 13. Kf2 Qf6 14. Qb3 {
PUBCHESS resigns} 0-1

[Event "ICS rated blitz match"]
[Site "204.178.125.65"]
[Date "1999.09.23"]
[Round "?"]
[White "PUBCHESS"]
[Black "Hossa"]
[Result "0-1"]
[WhiteElo "2257"]
[BlackElo "2372"]
[PlyCount "78"]
[EventDate "1999.??.??"]

1. d4 Nf6 2. c4 e6 3. Nc3 Bb4 4. e3 c5 5. Nge2 cxd4 6. exd4 O-O 7. a3 Be7 8. d5
exd5 9. cxd5 Re8 10. g3 Bc5 11. Bg2 Ng4 12. O-O d6 13. h3 Ne5 14. b4 Bb6 15.
Na4 Bc7 16. Bb2 Nc4 17. Bd4 a5 18. b5 Bd7 19. Rb1 Nxa3 20. Rb3 Nxb5 21. Ba1 Na7
22. Nac3 b5 23. Nd4 b4 24. Ne4 Bxh3 25. Bxh3 Rxe4 26. Bg2 Re5 27. Nc6 Nbxc6 28.
dxc6 Rb5 29. Qd4 Qg5 30. Re3 Bb6 31. Rfe1 Rf8 32. Qxd6 Bxe3 33. Rxe3 Rc5 34. c7
Rc1+ 35. Bf1 Qb5 36. Kh2 Qxf1 37. Qd5 Qxf2+ 38. Qg2 Qxe3 39. c8=Q 39... Rfxc8 {
PUBCHESS resigns} 0-1

[Event "ICS rated blitz match"]
[Site "204.178.125.65"]
[Date "1999.10.06"]
[Round "?"]
[White "PUBCHESS"]
[Black "Hossa"]
[Result "0-1"]
[WhiteElo "2451"]
[BlackElo "2482"]
[PlyCount "28"]
[EventDate "1999.??.??"]

1. d4 d5 2. c4 e5 3. dxe5 d4 4. e4 Nc6 5. f4 f6 6. exf6 Nxf6 7. Bd3 Bb4+ 8. Bd2
O-O 9. Nf3 Bxd2+ 10. Qxd2 Nh5 11. g3 Bg4 12. Qg2 Nb4 13. Kd2 Qf6 14. h3 14...
Nxf4 {PUBCHESS resigns} 0-1

[Event "ICS rated blitz match"]
[Site "204.178.125.65"]
[Date "1999.09.29"]
[Round "?"]
[White "PUBCHESS"]
[Black "Hossa"]
[Result "1-0"]
[WhiteElo "2336"]
[BlackElo "2501"]
[Annotator "Fritz 5.32 (22s)"]
[PlyCount "85"]
[EventDate "1999.??.??"]

1. d4 Nf6 2. c4 g6 3. Nc3 Bg7 4. e4 d6 5. f3 O-O 6. Be3 Nc6 7. Qd2 7... Nxd4 $2
$18 (7... Re8 8. O-O-O e5 (8... a6 9. Kb1 Rb8 10. g4 e5 11. d5 Nd4 12. Nce2
Nxe2 13. Nxe2 b5 14. c5 dxc5 15. Bxc5 Nd7 16. Be3 Qf6 17. Ng1 Bf8 18. Rc1 Qd8
19. h4 Nb6 20. h5 Bd6 21. hxg6 fxg6 22. Qh2 Qe7 23. Nh3 {
Weiss,L-Westman,J/La Habana 1966/EXT 99/0-1 (94)}) 9. Nge2 exd4 10. Nxd4 Nxd4
11. Bxd4 Be6 12. Kb1 c6 13. g4 Qe7 14. h4 a6 15. Bb6 Rac8 16. h5 Nd7 17. Be3
Ne5 18. Qxd6 Qxd6 19. Rxd6 Nxf3 20. hxg6 hxg6 21. Be2 Ne5 22. Bd4 {
Huber,H-Schatz,C/Nuernberg 1990/EXT 97/0-1 (61)}) (7... Bd7 8. Nge2 (8. O-O-O
a6 9. h4 h5 10. Kb1 Rb8 11. Rc1 Re8 12. Nd5 e5 13. Nxf6+ Bxf6 14. d5 Nd4 15.
Ne2 c5 16. dxc6 bxc6 17. Nxd4 exd4 18. Bxd4 d5 19. exd5 cxd5 20. Bxf6 Qxf6 21.
cxd5 Rb6 22. Ka1 Reb8 23. Qc3 Rc8 24. Qd2 Rcb8 25. Qc3 Rc8 26. Qd2 {
- Panno,O-Cruz,R/Buenos Aires 1963/MCD (26)}) 8... Re8 9. g4 a6 10. g5 Nh5 11.
Ng3 Nxg3 12. hxg3 e5 13. dxe5 Nxe5 14. Be2 b5 15. f4 Nxc4 16. Bxc4 bxc4 17. Bd4
Bxd4 18. Qxd4 c5 19. Qd2 Bc6 20. O-O-O Bxe4 21. Rh6 Bf3 22. Qh2 Bxd1 23. Nxd1
Qd7 24. Rxh7 Kf8 25. Qh6+ Ke7 26. Qxg6 Qe6 27. Qh5 Rg8 28. Qf3 d5 29. Nc3 29...
Rh8 {- Polugaevsky,L-Butnorius,A/Moscow 1972/MCD (29)}) (7... a6 $14 $142 {
damit waere Schwarz im Spiel geblieben}) 8. Bxd4 e5 9. Be3 Nh5 10. Nge2 f5 11.
O-O-O fxe4 (11... f4 12. Qd5+ Rf7 13. Bf2 $18) 12. fxe4 (12. Nxe4 12... Qe8 $18
) 12... Be6 13. b3 a5 14. h3 (14. Ng3 14... Nf4 $18) 14... a4 15. Kb2 $16 (15.
Nxa4 Bxc4 16. g4 16... Nf6 $18) 15... axb3 16. axb3 Nf6 (16... Qf6 17. g3 $18)
17. g4 b5 18. cxb5 Ne8 19. Bg2 Qd7 20. Ra1 Rxa1 21. Rxa1 (21. Kxa1 $6 21...
Bxb3 22. Rb1 22... Be6 $18) 21... Kh8 22. Ra7 Qd8 23. Nd5 Bxd5 (23... Rf7 24.
Nb4 $18) 24. Qxd5 (24. exd5 {ginge schneller} 24... Nf6 $18) 24... Qh4 25. Qd2
Qd8 26. Nc3 Nf6 27. Nd5 Nxd5 28. Qxd5 ({Und nicht} 28. exd5 28... Qe8 29. Qc3
29... Rf7 $18) 28... Bh6 (28... Qh4 {der letzte Widerstandsversuch} 29. Qc6 Qe1
30. Qxc7 30... Rg8 $18) 29. Bxh6 Qh4 30. Be3 (30. Qd2 Qe7 31. Bxf8 Qxf8 32.
Rxc7 32... d5 $18) 30... Qe1 31. Qd2 (31. Bd2 $142 {und nichts geht mehr} 31...
Qf2 32. Rxc7 32... Rd8 $18) 31... Qxd2+ 32. Bxd2 Rf2 33. Kc2 Rxg2 (33... Rf8
34. Rxc7 Rb8 35. Bh6 $18) 34. Rxc7 {Der Freibauer b5 ist ein wichtiges Motiv}
34... Rf2 35. b6 {Droht Matt: b7} 35... Rf8 36. b7 {Es droht Matt} 36... h5 (
36... h6 {aendert den traurigen Lauf der Dinge nicht} 37. Rc8 $1 {entscheidend}
37... Kg7 38. Rxf8 Kxf8 39. b8=Q+ Kf7 40. Qxd6 g5 41. Bb4 h5 42. Qf8+ Kg6 43.
Qg8+ Kf6 44. gxh5 g4 45. Qg6#) 37. Rc8 Kg7 38. Rxf8 d5 (38... Kxf8 {
aendert nichts am Ausgang der Partie} 39. b8=Q+ Ke7 40. Bg5+ Kf7 41. Qc7+ Kf8
42. Bf6 hxg4 43. Qe7+ Kg8 44. Qg7#) 39. b8=Q d4 40. Qe8 d3+ 41. Kxd3 g5 42.
Qf7+ Kh6 43. Rh8# 1-0

[Event "ICS rated blitz match"]
[Site "204.178.125.65"]
[Date "1999.10.11"]
[Round "?"]
[White "PUBCHESS"]
[Black "Hossa"]
[Result "0-1"]
[WhiteElo "2220"]
[BlackElo "2471"]
[PlyCount "50"]
[EventDate "1999.??.??"]

1. d4 d5 2. c4 e6 3. Nc3 c5 4. e3 cxd4 5. exd4 Nc6 6. Nf3 Bb4 7. Bd3 Nf6 8. O-O
dxc4 9. Bxc4 O-O 10. a3 Be7 11. Qd3 a6 12. Ba2 e5 13. d5 Bg4 14. Rd1 Nd4 15.
Bg5 Bxf3 16. gxf3 Nxd5 17. Bxe7 Nxe7 18. Kh1 Nec6 19. Rg1 Rc8 20. Ne4 Qh4 21.
Rg3 Rfd8 22. Rag1 Nf5 23. Qb3 Nxg3+ 24. Rxg3 Rc7 25. Qxb7 25... Rxb7 {
PUBCHESS resigns} 0-1

[Event "ICS rated blitz match"]
[Site "204.178.125.65"]
[Date "1999.09.23"]
[Round "?"]
[White "PUBCHESS"]
[Black "Hossa"]
[Result "0-1"]
[WhiteElo "2254"]
[BlackElo "2375"]
[PlyCount "39"]
[EventDate "1999.??.??"]

1. d4 f5 2. Nc3 Nf6 3. Bg5 Nc6 4. Bxf6 exf6 5. e3 Bb4 6. Qf3 d5 7. Bd3 Ne7 8.
Nge2 O-O 9. a3 Ba5 10. h3 c6 11. g4 g6 12. Ng3 c5 13. dxc5 Bxc3+ 14. bxc3 Qa5
15. Kd2 fxg4 16. hxg4 Qxc5 17. Ne2 Nc6 18. Rh6 Ne5 19. Qh3 Bxg4 20. Qh2 {
PUBCHESS resigns} 0-1

[Event "ICS rated blitz match"]
[Site "204.178.125.65"]
[Date "1999.09.04"]
[Round "?"]
[White "PUBCHESS"]
[Black "Hossa"]
[Result "0-1"]
[WhiteElo "2352"]
[BlackElo "2432"]
[PlyCount "98"]
[EventDate "1999.??.??"]

1. d4 d5 2. c4 e6 3. Nc3 Nf6 4. Bg5 Be7 5. e3 O-O 6. Nf3 Nc6 7. Qc2 Ng4 8. Bf4
Nb4 9. Qd1 c5 10. a3 cxd4 11. exd4 Nc6 12. h3 Nf6 13. c5 Ne4 14. Be2 b6 15.
cxb6 Qxb6 16. Na4 Qd8 17. O-O Bb7 18. b4 Rc8 19. Rc1 Bd6 20. Bxd6 Nxd6 21. Nc5
Re8 22. Nxb7 Nxb7 23. Qa4 Qb6 24. Bb5 Nbd8 25. Rc5 Re7 26. Rfc1 Rec7 27. g3 a5
28. Kg2 axb4 29. Bxc6 Nxc6 30. axb4 f6 31. b5 Nb8 32. Qb4 Na6 33. Rxc7 Rxc7 34.
Qb1 Rxc1 35. Qxc1 Qxb5 36. Qc8+ Kf7 37. Qh8 Qd3 38. Qc8 Qe2 39. Qd7+ Kf8 40.
Qd8+ Kf7 41. Qd7+ Kf8 42. Qd6+ Kg8 43. Qb6 Kf7 44. Qc7+ Nxc7 45. Nh4 Nb5 46.
Nf3 Qe4 47. g4 Nxd4 48. Kf1 Qxf3 49. Ke1 49... Qe2# {PUBCHESS checkmated} 0-1

[Event "ICS rated blitz match"]
[Site "204.178.125.65"]
[Date "1999.09.23"]
[Round "?"]
[White "PUBCHESS"]
[Black "Hossa"]
[Result "0-1"]
[WhiteElo "2248"]
[BlackElo "2381"]
[PlyCount "62"]
[EventDate "1999.??.??"]

1. d4 f5 2. Nc3 Nf6 3. Bg5 Nc6 4. Bxf6 exf6 5. e3 Bb4 6. Qf3 d5 7. Bd3 Ne7 8.
Nge2 O-O 9. h3 c5 10. a3 Bxc3+ 11. Nxc3 cxd4 12. exd4 Be6 13. O-O-O Qd7 14.
Rhg1 Nc6 15. Ne2 Rfe8 16. Nf4 Nxd4 17. Qe3 Qa4 18. Qd2 Rac8 19. Kb1 a5 20. g4
Nf3 21. Qe3 Nxg1 22. Nxe6 d4 23. Qxd4 Qxd4 24. Nxd4 Nxh3 25. Nxf5 Nxf2 26. Rd2
Nxg4 27. Ka2 Rc7 28. Nd6 Re5 29. Bc4+ Kf8 30. b3 Rd7 31. Rg2 31... Ne3 {
PUBCHESS resigns} 0-1

[Event "ICS rated blitz match"]
[Site "204.178.125.65"]
[Date "1999.09.26"]
[Round "?"]
[White "PUBCHESS"]
[Black "Hossa"]
[Result "0-1"]
[WhiteElo "2389"]
[BlackElo "2482"]
[PlyCount "162"]
[EventDate "1999.??.??"]

1. d4 Nf6 2. c4 e6 3. Nf3 b6 4. a3 Be7 5. Nc3 O-O 6. e4 d5 7. e5 Ne4 8. Bd3
Nxc3 9. bxc3 dxc4 10. Bxc4 Ba6 11. Bxa6 Nxa6 12. O-O c5 13. Qe2 Nc7 14. Be3 Nd5
15. Rfc1 cxd4 16. cxd4 Qd7 17. Nd2 Rac8 18. Ne4 Rxc1+ 19. Bxc1 Rc8 20. Bd2 Qd8
21. h3 Rc2 22. Qd3 Qc8 23. g3 Qc4 24. Qxc4 Rxc4 25. Be3 Rc2 26. Bg5 Re2 27.
Bxe7 Rxe4 28. Bd6 Rxd4 29. Rc1 f5 30. Rc8+ Kf7 31. Ra8 Ra4 32. Kg2 h5 33. Rb8
Nc3 34. Rb7+ Kg8 35. Rb8+ Kh7 36. Rb7 Nb5 37. Bf8 Kg8 38. Bxg7 Nxa3 39. Bf6 Nc2
40. Rg7+ Kf8 41. Rh7 Ra2 42. Rxh5 Ne1+ 43. Kf1 Nd3 44. Rh8+ Kf7 45. Rh7+ Kg6
46. Rg7+ Kh6 47. g4 fxg4 48. hxg4 Rxf2+ 49. Kg1 Ra2 50. g5+ Kh5 51. Rh7+ Kg6
52. Rh6+ Kf5 53. g6 Ra4 54. g7 Rg4+ 55. Kf1 Nxe5 56. Rh8 Kxf6 57. g8=Q Rxg8 58.
Rxg8 Nc4 59. Ra8 a5 60. Ke2 Ke5 61. Kd3 b5 62. Ra6 Kd5 63. Ra8 e5 64. Rd8+ Nd6
65. Ra8 a4 66. Kc3 Kc5 67. Ra7 b4+ 68. Kd3 e4+ 69. Ke3 b3 70. Ra5+ Nb5 71. Rxa4
b2 72. Ra8 b1=Q 73. Rc8+ Kb4 74. Rb8 Qd3+ 75. Kf4 Qd6+ 76. Ke3 Qxb8 77. Kxe4
Qf8 78. Kd3 Qf3+ 79. Kd2 Nc3 80. Kc2 Qd1+ 81. Kb2 81... Qb1# {
PUBCHESS checkmated} 0-1

[Event "ICS rated blitz match"]
[Site "204.178.125.65"]
[Date "1999.09.23"]
[Round "?"]
[White "PUBCHESS"]
[Black "Hossa"]
[Result "1/2-1/2"]
[WhiteElo "2261"]
[BlackElo "2368"]
[PlyCount "100"]
[EventDate "1999.??.??"]

1. d4 f5 2. Nc3 Nf6 3. Bg5 Nc6 4. e3 g6 5. Bxf6 exf6 6. Qf3 Bg7 7. Bc4 Na5 8.
Bd3 d6 9. h3 Nc6 10. Nge2 O-O 11. g4 Nb4 12. O-O-O Nxd3+ 13. cxd3 Be6 14. gxf5
Bxf5 15. e4 Bd7 16. h4 f5 17. Qg2 c5 18. dxc5 Bh6+ 19. Kb1 fxe4 20. Nxe4 d5 21.
Nd6 Bc6 22. d4 b6 23. h5 g5 24. f4 bxc5 25. fxg5 Bxg5 26. Rhg1 h6 27. dxc5 Qa5
28. Nd4 Qxc5 29. Ne6 Qxd6 30. Nxg5 Kh8 31. Nf3 Rg8 32. Qd2 Rxg1 33. Rxg1 Rg8
34. Qd4+ Kh7 35. Rxg8 Kxg8 36. Ne5 Be8 37. Qg4+ Kh7 38. Qf5+ Kg7 39. a3 a5 40.
Qg4+ Kf8 41. Qf5+ Ke7 42. Ng6+ Kd8 43. Ne5 a4 44. Nd3 d4 45. Qf3 Bb5 46. Qa8+
Kc7 47. Qa7+ Kc8 48. Qa8+ Kc7 49. Qa7+ Kc8 50. Qa8+ 50... Kc7 {
Game drawn by repetition} 1/2-1/2

[Event "ICS rated blitz match"]
[Site "204.178.125.65"]
[Date "1999.09.20"]
[Round "?"]
[White "Pacino"]
[Black "Hossa"]
[Result "0-1"]
[WhiteElo "2071"]
[BlackElo "2368"]
[PlyCount "30"]
[EventDate "1999.??.??"]

1. d4 Nf6 2. Nf3 e6 3. c4 Bb4+ 4. Bd2 Bxd2+ 5. Nbxd2 d5 6. Qb3 O-O 7. O-O-O Ng4
8. cxd5 Nxf2 9. Rg1 Nxd1 10. Kxd1 exd5 11. Ne5 c5 12. e3 cxd4 13. exd4 Nc6 14.
Ndf3 Nxe5 15. Nxe5 15... Qh4 {Pacino resigns} 0-1

[Event "ICS rated blitz match"]
[Site "204.178.125.65"]
[Date "1999.10.01"]
[Round "?"]
[White "Pacino"]
[Black "Hossa"]
[Result "0-1"]
[WhiteElo "2062"]
[BlackElo "2316"]
[PlyCount "58"]
[EventDate "1999.??.??"]

1. d4 Nf6 2. c4 e6 3. Nc3 Bb4 4. Bg5 c5 5. e3 cxd4 6. exd4 d5 7. Nf3 Nc6 8. a3
Bxc3+ 9. bxc3 Qa5 10. Qc2 Ne4 11. Bd2 Nxd2 12. Qxd2 O-O 13. c5 e5 14. Be2 Re8
15. dxe5 Qxc5 16. O-O Nxe5 17. Rad1 Qxa3 18. Qxd5 Nxf3+ 19. Bxf3 Qxc3 20. Rd3
Qc7 21. Rfd1 Qe7 22. Re3 Be6 23. Qxb7 Qxb7 24. Bxb7 Rad8 25. Ra1 Re7 26. Bf3
Rc7 27. g3 Rd2 28. Be2 g5 29. Rxa7 29... Rxa7 {Pacino resigns} 0-1

[Event "ICS rated blitz match"]
[Site "204.178.125.65"]
[Date "1999.09.26"]
[Round "?"]
[White "Pacino"]
[Black "Hossa"]
[Result "0-1"]
[WhiteElo "2160"]
[BlackElo "2444"]
[PlyCount "64"]
[EventDate "1999.??.??"]

1. e4 e6 2. Nf3 d5 3. d3 dxe4 4. dxe4 Qxd1+ 5. Kxd1 Nf6 6. Bd3 Ng4 7. Ke2 Bc5
8. Rf1 O-O 9. h3 Nf6 10. Be3 Nbd7 11. Nbd2 Bxe3 12. Kxe3 e5 13. Nc4 Re8 14. a4
Nh5 15. g3 Nhf6 16. c3 Nc5 17. Ncxe5 Bxh3 18. Rfd1 Bg2 19. Bc4 Bxf3 20. Bxf7+
Kf8 21. Bxe8 Bxd1 22. Bb5 Rd8 23. f3 a6 24. Bc4 Nxa4 25. Nd3 Bc2 26. Nb4 Nxb2
27. Be6 Ke7 28. Bd5 Nxd5+ 29. Nxd5+ Kd6 30. Ra2 Nc4+ 31. Kd4 c5+ 32. Kxc4 32...
b5# {Pacino checkmated} 0-1